[Event "Voronezh op-B 22nd"]
[Site "Voronezh"]
[Date "2018.06.16"]
[Round "5"]
[White "Tatarinova, Elena"]
[Black "Lebedeva, Ekaterina"]
[Result "1-0"]
[WhiteElo "1797"]
[BlackElo "1503"]
[PlyCount "61"]
[EventDate "2018.06.12"]
[EventType "swiss"]
[EventRounds "9"]
[EventCountry "RUS"]
[SourceTitle "CBM 185 Extra"]
[Source "ChessBase"]
[SourceDate "2018.07.29"]
[SourceVersion "1"]
[SourceVersionDate "2018.07.29"]
[SourceQuality "1"]

1. c4 f5 2. Nf3 Nf6 3. g3 g6 4. Bg2 Bg7 5. 0-0 0-0 6. Nc3 d6 7. Rb1 e5 8. d3 Nc6 9. b4 h6 10. b5 Ne7 11. a4 Rb8 12. Ba3 b6 13. a5 g5 14. axb6 axb6 15. Bb2 Ng6 16. Nd2 f4 17. Nd5 Bb7 18. Ra1 Nxd5 19. cxd5 Qd7 20. Qb3 fxg3 21. hxg3 h5 22. Ne4 Bh6 23. d4 Kh7 24. Qd3 Qf5 25. Ra7 h4 26. dxe5 dxe5 27. d6 Bxe4 28. Rxc7+ Bg7 29. Bxe4 Qf6 30. Bxg6+ Qxg6 31. Bxe5 1-0

[Event "Voronezh op-B 22nd"]
[Site "Voronezh"]
[Date "2018.06.14"]
[Round "3"]
[White "Astakhov, Alexander"]
[Black "Lebedeva, Ekaterina"]
[Result "1-0"]
[WhiteElo "1762"]
[BlackElo "1503"]
[PlyCount "75"]
[EventDate "2018.06.12"]
[EventType "swiss"]
[EventRounds "9"]
[EventCountry "RUS"]
[SourceTitle "CBM 185 Extra"]
[Source "ChessBase"]
[SourceDate "2018.07.29"]
[SourceVersion "1"]
[SourceVersionDate "2018.07.29"]
[SourceQuality "1"]

1. e4 c5 2. Nf3 Nc6 3. d4 cxd4 4. Nxd4 e5 5. Nb3 Nf6 6. Nc3 Bb4 7. Bg5 h6 8. Bxf6 Qxf6 9. Qd3 0-0 10. a3 Bxc3+ 11. Qxc3 d6 12. f3 a5 13. Bc4 Be6 14. Bxe6 fxe6 15. Rd1 a4 16. Nc1 Nd4 17. Qd3 Qh4+ 18. g3 Qh5 19. f4 Nf3+ 20. Kf2 exf4 21. g4 Qh4+ 22. Kxf3 Qh3+ 23. Kf2 f3 24. Rdg1 Qh4+ 25. Rg3 Rf4 26. Qxd6 Rxe4 27. Kxf3 Rd8 28. Qb6 Rdd4 29. Nd3 Qf6+ 30. Kg2 Rxg4 31. Rf1 Qe7 32. Re1 Rd6 33. Qe3 Rc4 34. c3 Qd7 35. Ne5 Qc7 36. Nxc4 Qxc4 37. Qe5 Qc6+ 38. Kh3 1-0

[Event "Voronezh op-B 22nd"]
[Site "Voronezh"]
[Date "2018.06.13"]
[Round "2"]
[White "Lebedeva, Ekaterina"]
[Black "Pikalova, Sofya"]
[Result "0-1"]
[WhiteElo "1503"]
[BlackElo "1739"]
[PlyCount "58"]
[EventDate "2018.06.12"]
[EventType "swiss"]
[EventRounds "9"]
[EventCountry "RUS"]
[SourceTitle "CBM 185 Extra"]
[Source "ChessBase"]
[SourceDate "2018.07.29"]
[SourceVersion "1"]
[SourceVersionDate "2018.07.29"]
[SourceQuality "1"]

1. e4 c5 2. c3 d6 3. d4 cxd4 4. cxd4 Nf6 5. Nc3 g6 6. Nf3 Bg7 7. Bc4 0-0 8. Bb3 Nc6 9. 0-0 Bg4 10. Be3 Nd7 11. d5 Nce5 12. h3 Nxf3+ 13. gxf3 Bxh3 14. Re1 Ne5 15. Kh2 Bc8 16. Rg1 f5 17. exf5 Rxf5 18. f4 Rh5+ 19. Kg2 Bh3+ 20. Kg3 Bg4 21. Qc1 Rh3+ 22. Kg2 Nf3 23. Rh1 Nh4+ 24. Kg1 Qd7 25. Rxh3 Bxh3 26. Bd1 Bg2 27. Ne2 Qh3 28. Ng3 Bxd5 29. Ne4 Qg2# 0-1